00720nam a2200193 a 4500001001000000005001700010008004100027040001300068050002500081245005700106260011200163300003200275500004200307500004600349504003500395650003700430650003500467650002400502BRCA_176720190320203536.0900303s198u----mx-a#####b---s000-0#spa-# aDLCcDLC 4aNA5257.H5b.C66 198010aLos conventos del siglo XVI en el Estado de Hidalgo. aPachuca, MéxicobGobierno del Estado de Hidalgo ; Secretaría de Turismo ; Cultura y Recreaciónc198-? a261 p.bil. a colorc28 cm. aColección Sonia Corcuera de Mancera aEstado físico: encuadernado, enero 2013 aBibliografía: p. [264]-[265]14aArquitectura religiosazMéxico14aArquitectura barrocazMéxico14aConventoszMéxico